Vysúšanie navlhnutých káblov

Bibliographic Details
Main Author: Vazan, B. (Author)
Format: Article
Language:Slovak

MARC

LEADER 00000nab a2200000 a 4500
001 vtls010703760
003 SK-MaSNL
005 20260304195029.0
008 250709s1963 xo |||||||||||||||||slo|
035 |a (urnnbn)urn:nbn:sk:snk:ar-a03wjj 
035 |a (uuid)8bc79154-7753-4532-bfd0-b6fb2b8886d7 
035 |a urn:nbn:sk:snk-ab38p1 
040 |a SNKBUCL  |b slo  |c SNKBUCL  |e AACR2 
041 0 |a slo 
044 |a xo  |c SK 
100 1 |a Vazan, B.  |4 aut  |9 1152546 
245 1 0 |a Vysúšanie navlhnutých káblov  |c B. Vazan 
773 0 |t Bulletin VÚKI  |g Roč. 16, č. 5 (1963), s. 249-250 
850 |a Slovenská národná knižnica 
852 |a Slovenská národná knižnica 
958 |a article1 
958 |a OND 
999 |c 3078636  |d 3080566